00234nam a2200097Ia 4500008004100000082001400041100002100055245002700076260002000103600001300123241002s9999 xx 000 0 und d a294.6 SIN aSinha, Narrendra 0aRese of the Sikh Power aCalcutta:c1960 aReligion